Impact of optimal economic taxes setting on achieving sustainable development – an experimental CGE model approach

Simulácia stanovenia sadzieb dane z obratu a dane z príjmu pri zohľadnení objektívnej funkcie prostredníctvom modelu CGE. Vyhodnotenie výsledkov a možnosti využitia daného modelu.

Saved in:
Bibliographic Details
Main Author: Hudcovský, Martin, 1988-
Other Authors: Nežinský, Eduard, 1972-, Petríková, Kristína
Format: Book Chapter
Language:English
Subjects:
Tags: Add Tag
No Tags, Be the first to tag this record!

MARC

LEADER 00000nla a2200000 4500
001 0226275
005 20240502083605.7
041 0 |a eng 
044 |a US 
245 1 0 |a Impact of optimal economic taxes setting on achieving sustainable development – an experimental CGE model approach  |c Martin Hudcovský, Eduard Nežinský, Kristína Petríková 
520 |a Simulácia stanovenia sadzieb dane z obratu a dane z príjmu pri zohľadnení objektívnej funkcie prostredníctvom modelu CGE. Vyhodnotenie výsledkov a možnosti využitia daného modelu. 
610 2 0 |a modelovanie 
610 2 0 |a ekonometria 
610 2 0 |a zdaňovanie 
610 2 0 |a odhady 
610 2 0 |a rozvoj trvalo udržateľný 
100 1 |a Hudcovský, Martin, 1988- 
700 1 |a Nežinský, Eduard, 1972- 
700 1 |a Petríková, Kristína